Fundamentals of technical writing /

Sábháilte in:
Sonraí bibleagrafaíochta
Príomhchruthaitheoir: Robinson, Patricia
Formáid: LEABHAR
Teanga:Béarla
Foilsithe / Cruthaithe: Illinois : Houghton, c1985.
Ábhair:
Clibeanna: Cuir clib leis
Níl clibeanna ann, Bí ar an gcéad duine le clib a chur leis an taifead seo!

MARC

LEADER 00000nam a22000002 4500
001 0000038181
003 Daystar
005 20220118020011.0
008 061031s xx 000 0 eng d
020 |a 0395350352 
040 |a Daystar  |d LKithuka  
050 0 0 |a PE1475  |b .R6 
100 1 |a Robinson, Patricia. 
245 1 0 |a Fundamentals of technical writing /  |c by Patricia Robinson. 
260 |a Illinois :  |b Houghton,  |c c1985. 
300 |a 299 p. 
504 |a Includes bibliographical references and index. 
650 0 |a Technical writing. 
908 |a 061031 
942 |c G  |0 1 
952 |0 0  |1 0  |4 0  |6 PE_1475_000000000000000_R6  |7 0  |9 37375  |a DUN  |b DUN  |c GC  |d 2017-09-28  |l 2  |m 2  |o PE1475.R6  |p BK037244  |r 2026-03-17 15:09:45  |s 2026-03-03  |t c.  |w 2017-09-28  |x 23998  |y G 
999 |c 24399  |d 24399